LEADER 01460nam a2200277 i 4500 001 991001089879707536 008 110304s1997 it b 10 ita 020 $a8878120413 035 $ab13958902-39ule_inst 040 $aBiblioteca Interfacoltà$bita 082 04$a020.71 110 2 $aAssociazione italiana biblioteche$0104838 245 10$aBibliotecari: ruolo e formazione di una professione per l'informazione, la comunicazione, la ricerca :$batti del XLI Congresso nazionale dell'Associazione italiana biblioteche, Brescia, 8-10 novembre 1995 /$ca cura di Aldo Pirola ; poster session a cura di Max Victor David ; redazione di Maria Teresa Natale 260 $aRoma :$bAssociazione italiana biblioteche,$c1997 300 $a266 p. :$bill. ;$c24 cm. 504 $aCon bibliografia. 650 4$aBibliotecari$xProfessione$vCongressi$y1995 650 4$aBibliotecari$xFormazione professionale$vCongressi$y1995 700 1 $aPirola, Aldo 907 $a.b13958902$b31-01-19$c03-03-11 912 $a991001089879707536 945 $aLE002 Bibl. Ris. 529$g1$i2002000622778$lle002$op$pE20.00$q-$rn$so $t0$u0$v0$w0$x0$y.i15236912$z04-03-11 945 $aLE002 020.71 ASS$g2$i2002001092228$lle002$o-$pE0.00$q-$rl$s- $t0$u0$v0$w0$x0$y.i15875325$z31-01-19 996 $aBibliotecari: ruolo e formazione di una professione per l'informazione, la comunicazione, la ricerca$9251830 997 $aUNISALENTO 998 $ale002$b03-03-11$cm$da $e-$fita$git $h0$i0 LEADER 01606nas 2200445- 450 001 9910313038303321 005 20220308213021.0 035 $a(OCoLC)1106031327 035 $a(CKB)4340000000089614 035 $a(CONSER)--2019252384 035 $a(DE-599)ZDB3020382-X 035 $a(EXLCZ)994340000000089614 100 $a20190628a20089999 --- - 101 0 $apor 181 $ctxt$2rdacontent 182 $cc$2rdamedia 183 $acr$2rdacarrier 200 00$aAlexandria$erevista de educação em ciência e tecnologia 210 1$aFlorianópolis, Santa Catarina, Brazil :$cUniversidade Federal de Santa Catarina,$d2008- 215 $a1 online resource 300 $aRefereed/Peer-reviewed 311 08$a1982-5153 517 1 $aRevista de educação em ciência e tecnologia 531 1 $aAlexandria 606 $aScience$xStudy and teaching (Higher)$zBrazil$vPeriodicals 606 $aMathematics$xStudy and teaching (Higher)$zBrazil$vPeriodicals 606 $aMathematics$xStudy and teaching (Higher)$2fast$3(OCoLC)fst01012286 606 $aScience$xStudy and teaching (Higher)$2fast$3(OCoLC)fst01108455 607 $aBrazil$2fast 608 $aPeriodicals.$2fast 608 $aPeriodicals.$2lcgft 615 0$aScience$xStudy and teaching (Higher) 615 0$aMathematics$xStudy and teaching (Higher) 615 7$aMathematics$xStudy and teaching (Higher) 615 7$aScience$xStudy and teaching (Higher) 712 02$aUniversidade Federal de Santa Catarina, 906 $aJOURNAL 912 $a9910313038303321 996 $aAlexandria$9243315 997 $aUNINA